| 000 | 00402nam a22001577a 4500 | ||
|---|---|---|---|
| 999 |
_c18369 _d18369 |
||
| 008 | 200727b xxu||||| |||| 00| 0 eng d | ||
| 020 | _a0198811862 | ||
| 050 |
_aKD750 _b.G55 2018 c.1 |
||
| 100 | _aGilmore, Stephen | ||
| 245 |
_aHayes & Williams' Family Law _cStephen Gilmore |
||
| 250 | _a6th ed. | ||
| 260 |
_aUK _bOUP _c2018 |
||
| 300 | _axcii, 795p. | ||
| 700 | _aLisa Glennon | ||
| 942 |
_2lcc _cBK |
||